000 00627nam a2200181Ia 4500
008 100920s9999 xx 000 0 und d
082 _b1085
_a51 थ 65
100 _aदेशपांडे माधव काशीनाथ
245 _aकादंबरीकार फडके.
260 _bव्हीनस प्रकाशन, पुणे.
_c1965
300 _a298
_bसाधी
365 _b12.5
520 _aचरित्र.
630 _aकादंबरीकार फडके.
650 _aचरित्र.
730 _aकादंबरीकार फडके.
942 _cBOOK
999 _c671987
_d671984